| 000 | 00770nam a22002177a 4500 | ||
|---|---|---|---|
| 999 |
_c17570 _d17570 |
||
| 003 | AR-CdUCM | ||
| 008 | 190509b ||||| |||| 00| 0 spa d | ||
| 040 |
_aMUNICIPALIDAD PROVINCIAL DEL CUSCO _cBIBLIOTECA MUNICIPAL DEL CUSCO |
||
| 082 |
_a970.4 / _bF11 |
||
| 100 |
_aFabila, Alfonso. _937658 |
||
| 245 | _aLos indios Yaquis de Sonora / | ||
| 260 |
_aMéxico, D.F : _bSecretaría de Educación Pública, _c1945. |
||
| 300 |
_a87 páginas ; _c20 cm. |
||
| 440 |
_aBiblioteca enciclopédica popular _937422 |
||
| 505 | _aContenido: Carta Yaqui -- Referencias geofísicas -- Referencias económicas -- El hombre y su cultura... | ||
| 650 |
_aYaquis _937659 |
||
| 650 |
_aSonora _937660 |
||
| 650 |
_aHistoria _9136 |
||
| 942 |
_2ddc _cLIBROS |
||
| 945 |
_adavv _d2019-05-09 |
||